LEADER 01097nam a2200277 u 4500 001 000000063138 003 CaOOAMICUS 005 20070226121218.0 008 011018s1997 au u000 u ger u 020 $a3850685330 035 $a10907029 040 $aPUL$bita 245 04$aDie heilige Liturgie /$cFranz Breid (Hrsg.) 260 $aSteyr :$bW. Ennsthaler,$c1997. 300 $a271 p. ;$c21 cm 500 $a"Referate der Internationalen Theologischen Sommerakademie 1997", des Linzer Priesterkreises in Aigen/M". 504 $aBibliografia in nota. 650 4$aLiturgia.$0(OLS)http://pul/subject/2437 700 1 $aBreid, Franz.$0(OLS)http://pul/name/31051 850 $aPUL 852 $aPUL$W1$xDP2 Religione 3$y114$m230 ITS 1.6$j175965$nBK-PRI$b $qDDC 21$B81966$CPULBib$Z2$F81966 $H85333 $81 941 1 $a9 961 $aPrecedente collocazione: Teo 211 996 $6020$a3850685330$9(OLS)http://pul/number/81946 996 $6245$aDie heilige Liturgie$9(OLS)http://pul/title/84209 996 $6260$aSteyr :$bW. Ennsthaler$9(OLS)http://pul/publisher/70521 LEADER 01475nam a2200337 a 4500 001 000000156736 003 CaOOAMICUS 005 20161125121244.0 008 161125s2016 it u000 u ita r 020 $a978-88-308-1549-0* 032 $aLibriCat 040 $aPUL$bita 082 04$a230 100 1 $aGiordano, Marco.$0(OLS)http://pul/name/99965 245 10$aNello sguardo di Gesł :$bil vedere nel Vangelo secondo Marco /$cMarco Giordano ; prefazione di mons. Luciano Monari . 260 $aAssisi :$bCittadella,$c©2016. 300 $a209 p. ;$c21 cm. 490 1 $aStudi e ricerche. Sezione biblica 500 $aInclude indice. 504 $aInclude bibliografia p. [197]-202. 630 04$aBiblia.$pN.T.$pMarcus$xCritica e interpretazione.$0(OLS)http://pul/subject/37840 700 1 $aMonari, Luciano,$cvesc. di Brescia.$0(OLS)http://pul/name/69700 830 0$aStudi e ricerche (Cittadella).$pSezione biblica.$0(OLS)http://pul/title/146188 850 $aPUL 852 $aPUL$W1$xSL Religione 3$y85$m230 COLL 11.2.8$j180018$qDDC 21$B183141$CPULBib$Z2$F183141 $H128421 $81 941 1 $a9 996 $6020$a978-88-308-1549-0*$9(OLS)http://pul/number/161523 996 $6082$a230$9(OLS)http://pul/classification/368 996 $6245$aNello sguardo di Gesł :$bil vedere nel Vangelo secondo Marco$9(OLS)http://pul/title/196345 996 $6260$aAssisi :$bCittadella$9(OLS)http://pul/publisher/49668